000 00366nam a22001217a 4500
999 _c13508
_d13508
082 _a891.4393
_bی وس
100 _aمشتاق احمد یوسفی
245 _aخاکم بدہن
_bخاکے اور مزاح
260 _aکراچی
_bمکتبہ دانیال
_c٢٠٠٤
300 _a١٩٤ ص
650 _aUrdu, Mizah, Khake, Mushtaq Ahmed Yousufi
942 _cBK